00748 2200229 4500001002100000005001700021008004100038035002400079082001800103090002500121110005900146245009200205260008900297300002800386650002700414850001500441980001300456985000600469986001300475999001500488999001500503YOGYA-0209000001662320090227022652.0 ind  0010-020900000016623 a398.210992122 a398.210992122bPro C aPROYEK INVENTARISASI DAN DOKUMENTASI KABUDAYAAN DAERAH aCeritera rakyat daerah BengkulucProyek Inventarisasi dan Dokumentasi Kebudayaan Daerah aJakartabDepdikbud Proyek Inventarisasi dan Dokumentasi Kebudayaan Daerahc1982/1983 aix, 96 hlmbilusc23 cm aCerita rakyat Bengkulu aYOPDYOG(B) a24-10-05 a2 afwhrtrev aa000062619 aa000062620